| 000 | 01853nam a2200301Ia 4500 | ||
|---|---|---|---|
| 008 | 130821s1624 it a gr spa | ||
| 040 |
_aCo-BoUCM _bspa |
||
| 041 | 0 | _alat | |
| 092 | _aE17N028 | ||
| 100 | 1 |
_aCarerio, Lodovico _dd. 1560 |
|
| 242 |
_aTratado sobre las diferencias entre los juicios civiles y los juicios criminales [penales] _bObra de gran utilidad, sobre una materia que no se había enseñado ni explicado anteriormente _yspa |
||
| 245 | 1 | 0 | _aDe diferentiis inter Iudicia civilia et criminalia tractatus Hieronymi Buccaronij I. C. Maceratensis Opus certe perutile a nemine traditum sive explicatum |
| 246 | 1 | 3 |
_a[Tratado sobre las diferencias entre los juicios civiles y los juicios criminales [penales] _bObra de gran utilidad, sobre una materia que no se había enseñado ni explicado anteriormente] |
| 260 |
_aRoma (Italia) _bApud Haeredem Bartholomaei [Herederos de Bartolomé Zannetti] _c1624 |
||
| 300 |
_a[18], 10 páginas [1] h. en bl. , [66] páginas _bilustraciones |
||
| 500 | _aDetalles físicos: Encuadernación en pergamino, desencuadernado, guardas desprendidas de la pasta, portada, impresa en dos colores, con escudo pontificio del Papa Urbano VIII, a quien se dedica la obra. Dedicatoria, también al Cardenal Francisco | ||
| 500 | _aOtros detalles: Colofón con fecha de 1623 | ||
| 504 | _aIncluye índice. | ||
| 506 | _aConsulta en sala. | ||
| 520 | _aEl autor resume, en 210 temas, las diferencias que se dan entre los juicios civiles y los juicios criminales (penales). | ||
| 650 |
_aDerecho civil _912711 |
||
| 650 |
_aDerecho civil _xObras anteriores a 1600 _912711 |
||
| 650 |
_aDerecho penal _912805 |
||
| 650 |
_aDerecho penal _xObras anteriores a 1600 _912805 |
||
| 700 | 1 |
_aZannetti, Bartolomé _cherederos _eed. |
|
| 942 |
_cLIBRO _a8 _e1 _2DEWEY _h340.2 |
||
| 999 |
_c79112 _d79112 |
||